[Event "GCT 2021 Parigi - Blitz"]
[Site "Parigi"]
[Date "22.06.2021"]
[Round "18B"]
[White "Radjabov, Teimour"]
[Black "Kramnik, Vladimir"]
[Result "0-1"]
[WhiteTitle "GM"]
[BlackTitle "GM"]
[WhiteElo "2765"]
[BlackElo "2753"]
[WhiteFideId "13400924"]
[BlackFideId "4101588"]
[EventDate "2021.06.21"]

1. Nf3 Nf6 2. c4 c5 3. Nc3 e6 4. g3 b6 5. Bg2 Bb7 6. O-O Be7 7. d4 cxd4 8. Qxd4
O-O 9. b3 d6 10. Ba3 Na6 11. Rad1 Nc5 12. Bb2 a6 13. Rfe1 Rc8 14. e4 Qc7 15. e5
dxe5 16. Qxe5 h6 17. h4 Rfe8 18. Qxc7 Rxc7 19. Ne5 Rec8 20. Re2 Kf8 21. Red2
Bxg2 22. Kxg2 Ke8 23. f3 h5 24. Kh3 g6 25. Ne2 Ncd7 26. Nd3 b5 27. cxb5 axb5 28.
Nd4 Rb7 29. Re2 Nd5 30. Ree1 b4 31. Rc1 Rbc7 32. Rxc7 Rxc7 33. Rc1 Rxc1 34. Bxc1
Nc3 35. Bd2 Nxa2 36. Nc6 Nc5 37. Nxc5 Bxc5 38. g4 Nc3 39. Kg2 Nd5 40. Ne5 Bd6
41. Nd3 f5 42. gxh5 gxh5 43. f4 Kd7 44. Kf3 Kc6 45. Be1 Nc3 46. Ke3 Kd5 47. Bd2
Be7 48. Be1 Na2 49. Bd2 Bxh4 50. Bxb4 Bf6 51. Ba5 h4 52. Kf3 Kd4 53. Nf2 Nc1 54.
b4 Kc4 55. Nh3 Nb3 56. Ke2 Nd4+ 57. Kf2 Nc6 58. Ng5 Bxg5 59. fxg5 Ne5 60. Bc7
Ng6 61. Bd6 e5 62. Kf3 Kd5 63. Bb8 Kc4 64. Bd6 f4 65. Kg4 Kd5 66. Bb8 Kc4 67.
Bd6 Kb5 68. Bc5 e4 69. Bf2 e3 70. Be1 Kc4 71. Kf3 h3 0-1

[Event "GCT 2021 Parigi - Blitz"]
[Site "Parigi"]
[Date "22.06.2021"]
[Round "18B"]
[White "Caruana, Fabiano"]
[Black "Firouzja, Alireza"]
[Result "1-0"]
[WhiteTitle "GM"]
[BlackTitle "GM"]
[WhiteElo "2820"]
[BlackElo "2759"]
[WhiteFideId "2020009"]
[BlackFideId "12573981"]
[EventDate "2021.06.21"]

1. e4 c5 2. Nf3 Nc6 3. Bb5 e6 4. Bxc6 bxc6 5. b3 d5 6. e5 Ne7 7. d3 Qc7 8. Qe2
Nf5 9. O-O Nd4 10. Nxd4 cxd4 11. Nd2 c5 12. Nf3 h6 13. h4 Be7 14. Bf4 Bb7 15.
Bg3 g5 16. h5 O-O-O 17. Nh2 Kb8 18. Ng4 Rc8 19. f3 c4 20. Bf2 cxd3 21. cxd3 Qc2
22. Qxc2 Rxc2 23. Bxd4 Ba6 24. Rfc1 Bxd3 25. Rxc2 Bxc2 26. Rc1 Bf5 27. Bxa7+ Kb7
28. Bd4 Ba3 29. Rf1 Ka6 30. Ne3 Bd3 31. Rf2 Rc8 32. Ng4 Bf8 33. f4 gxf4 34. Rxf4
Be2 35. Kf2 Rc2 36. Kg3 Rd2 37. Be3 Rd3 38. Kf2 Bd1 39. Rxf7 Bxg4 40. Rxf8 Bxh5
41. Bxh6 Rc3 42. Rb8 Rc2+ 43. Kg3 Bg6 44. Be3 Be4 45. b4 Rc3 46. Kf4 Rc4 47.
Rb6+ Ka7 48. Rxe6+ Kb7 49. Bc5 Bb1+ 50. Kg5 d4 51. Rd6 d3 52. e6 Re4 53. Kf6
Bxa2 54. e7 Bc4 55. g4 Re2 56. g5 Rf2+ 57. Kg6 Re2 58. Rd8 Bb5 59. Kf7 d2 60. g6
Ba4 61. g7 d1=Q 62. Rxd1 Bxd1 63. e8=Q Bb3+ 64. Kf8 Rf2+ 65. Bxf2 1-0

[Event "GCT 2021 Parigi - Blitz"]
[Site "Parigi"]
[Date "22.06.2021"]
[Round "18B"]
[White "Nepomniachtchi, Ian"]
[Black "So, Wesley"]
[Result "0-1"]
[WhiteTitle "GM"]
[BlackTitle "GM"]
[WhiteElo "2792"]
[BlackElo "2770"]
[WhiteFideId "4168119"]
[BlackFideId "5202213"]
[EventDate "2021.06.21"]

1. b3 d5 2. Bb2 Nf6 3. e3 Bf5 4. Nf3 e6 5. c4 c6 6. Nc3 Nbd7 7. d4 Ne4 8. a3 Bd6
9. Bd3 Nxc3 10. Bxc3 Bxd3 11. Qxd3 Qe7 12. O-O a5 13. e4 O-O 14. Bb2 dxe4 15.
Qxe4 Nf6 16. Qh4 b5 17. Bc1 bxc4 18. bxc4 c5 19. a4 Rfc8 20. Be3 cxd4 21. Bxd4
Rab8 22. Bc3 Bb4 23. Be5 Bd6 24. Rfd1 Bxe5 25. Nxe5 Qc7 26. Qg5 Qc5 27. Qf4 Rb7
28. h3 h6 29. Rd3 Rcb8 30. Kh2 Rb2 31. Rf3 Qc7 32. Re1 Ra2 33. Qg3 Kh7 34. Qh4
Rbb2 35. Ree3 Re2 36. Qd4 Rxf2 37. Rxf2 Rxf2 38. c5 Nd5 39. Rg3 Rf4 40. Qb2 Rf5
41. Nf3 Nf6 42. Qb6 Rxc5 43. Qb1+ Kg8 44. Nd4 Nh5 45. Ne2 Nxg3 0-1